000 00752nam a2200217Ia 4500
001 16900
003 GE_BSU
008 181216s||||||||xx |||||||||||||| ||und||
040 _cGE_BSU
080 _a821.161.1-32
100 _aტურგენევი, ი.ს.
245 _aმოთხრობები. ტ. 2
245 _cთარგმ.: ფ. ნიშნიანიძე, მ. მიქელაძე.
260 _aთბილისი
260 _bსახელგამი
260 _c1953
300 _a472 გვ.21 სმ.
653 _aმოთხრობები
653 _aპუნინი და ბაბურინი; პირველი სიყვარული და სხვ.
942 _cBK
999 _c49964
_d49964